L'Asie du Sud-Est, vingt ans à la recherche d'un avenir
Guardat en:
| Autor principal: | |
|---|---|
| Format: | Llibre |
| Idioma: | Undetermined |
| Publicat: |
Paris
Casterman
1967
|
| Matèries: | |
| Etiquetes: |
Afegir etiqueta
Sense etiquetes, Sigues el primer a etiquetar aquest registre!
|
| Thư viện lưu trữ: | Trung tâm Học liệu Trường Đại học Cần Thơ |
|---|
| LEADER | 00519nam a2200193Ia 4500 | ||
|---|---|---|---|
| 001 | CTU_92754 | ||
| 008 | 210402s9999 xx 000 0 und d | ||
| 082 | |a 959 | ||
| 082 | |b D296 | ||
| 100 | |a Decornoy, Jacques | ||
| 245 | 0 | |a L'Asie du Sud-Est, vingt ans à la recherche d'un avenir | |
| 245 | 0 | |c Jacques Decornoy | |
| 260 | |a Paris | ||
| 260 | |b Casterman | ||
| 260 | |c 1967 | ||
| 650 | |a History | ||
| 650 | |z Asia, southeastern | ||
| 904 | |i Bằng | ||
| 980 | |a Trung tâm Học liệu Trường Đại học Cần Thơ | ||